Nouveaux sports aux Jeux Olympiques de Tokyo 2020 - Statistiques

Statistiques générales
  • Ce quiz a été pris 1 506 fois
  • Le résultat moyen est 2 sur 5
Statistiques - réponses
Sports % Correct
Skateboard
67%
Surf
61%
Escalade
48%
Karaté
42%
Baseball / Softball
23%
Aucun quiz correspondant
Distribution des résultats
% des personnes avec chaque résultat
Percentile par nombre de réponses
Votre historique - résultats
Vous n’avez pas pris ce quiz